[Event "Latschach op 27th"]
[Site "Latschach"]
[Date "2011.08.13"]
[Round "1"]
[White "Krajnik, Josef"]
[Black "Stopa, Jacek"]
[Result "0-1"]
[WhiteElo "1891"]
[BlackElo "2474"]
[PlyCount "42"]
[EventDate "2011.08.13"]
[EventType "swiss"]
[EventRounds "9"]
[EventCountry "AUT"]
[SourceTitle "CBM 143 Extra"]
[Source "ChessBase"]
[SourceDate "2011.08.29"]
[SourceVersion "1"]
[SourceVersionDate "2011.08.29"]
[SourceQuality "1"]

1. e4 e6 2. Nc3 c5 3. Bc4 Nc6 4. Nf3 a6 5. a3 Nf6 6. d4 cxd4 7. Nxd4 Qc7 8. Nxc6 bxc6 9. Qe2 Bd6 10. h3 0-0 11. Bg5 Be5 12. 0-0 h6 13. Bd2 d5 14. exd5 exd5 15. Bd3 Bb7 16. Rae1 Bd6 17. Qf3 d4 18. Qf5 Bc8 19. Nd5 Bxf5 20. Nxc7 Bxd3 21. Nxa8 Bxf1 0-1